Dünya edebiyatından seçme öyküler / (Kayıt no. 10301)

MARC ayrıntıları
000 -BAŞLIK
Sabit Uzunluktaki Kontrol Alanı 01555nam a22002417a 4500
003 - KONTROL NUMARASI KİMLİĞİ
Kontrol Alanı KOHA_MİRAKIL
005 - EN SON İŞLEM TARİHİ ve ZAMANI
Kontrol Alanı 20260420125222.0
008 - SABİT UZUNLUKTAKİ VERİ ÖGELERİ - GENEL BİLGİ
Sabit Alan 260420b tu ||||| |||| 00| 0 tur d
020 ## - ISBN - ULUSLARARASI STANDART KİTAP NUMARASI
Isbn 9759274222
040 ## - KATALOGLAMA KAYNAĞI
Özgün Kataloglama Kurumu TR-AnABB
Kataloglama Dili tur
Çeviri Kurumu TR-AnABB
041 ## - DİL KODU
Metin ya da ses kaydının dil kodu tur
082 ## - DEWEY ONU SINIFLAMA SİSTEMİ
Sınıflama Numarası 808.831
Cutter numarası DUN 2005
245 00 - ESER ADI BİLDİRİMİ
Başlık Dünya edebiyatından seçme öyküler /
Sorumluluk Bildirimi editör: Ahmet Özalp, Mürsel Sönmez, İbrahim Yarış
260 ## - YAYIN, DAĞITIM, VB.
Yayın Yeri İstanbul :
Yayınevi Kadın Koordinasyon Merkezi,
Yayın Tarihi 2005
300 ## - FİZİKSEL TANIMLAMA
Sayfa, Cilt vb. 238 sayfa ;
Boyutları 18 cm
490 0# - DİZİ BİLDİRİMİ
Dizi Bildirimi KKM ;
Cilt Numarası 2
505 ## - İÇİNDEKİLER NOTU
İçindekiler Notu İçindekiler: Alponse Daudet / Ayna - Anton Çehov / Ünlem İşareti - Cengiz Aytmatov / Asker Çocuğu - Edgar Allan Poe / Kızıl ölümün maskesi - Ernes Hemingway / Bir Başka Ülkede - Franz Kafka / Bir köy hekimi - Friedrich von Schiller /Rehine - Gabriel Garcia Marquez / Noba, Melekleri bekleten zenci - Giovanni Verga / Mal - Guy de Maupassant / Analar - Heinrich Böll / Köprü başında - Hermann Hesse / Ziegler adında biri - İsmail Kadare / Sultanın yakarışı - İvan Turgenyev / Bıldırcın - Jack London / Hayatın kanunu - James Joyce / Evelin - Joao Guimaraes Rosa / Nehrin Üçüncü Kıyısı - John Steinbeck / Kasımpatları - Jorge Luis Borges / Karşılaşma - Julio Cortozar / Paris'teki bir genç hanıma mektup - Katherine Mansfield / Küçük Kız
650 04 - KONU BAŞLIĞI EK GİRİŞ - KONU TERİMİ
Konusal terim veya coğrafi ad Dünya edebiyatı, seçme öyküler
700 1# - EK GİRİŞ - KİŞİ ADI
Yazar Adı (Kişi adı) Özalp, Ahmet,
İlişkili Terim editör
9 (RLIN) 3529
700 1# - EK GİRİŞ - KİŞİ ADI
Yazar Adı (Kişi adı) Sönmez, Mürsel,
İlişkili Terim editör
9 (RLIN) 3530
700 1# - EK GİRİŞ - KİŞİ ADI
Yazar Adı (Kişi adı) Yarış, İbrahim,
İlişkili Terim editör
9 (RLIN) 3531
942 ## - EK GİRİŞ ÖGELERİ (KOHA)
Sınıflama Kaynağı Dewey Decimal Classification
Materyal Türü Kitap
900 ## - YEREL BİLGİ
Kontrol Can ÇELIK
Mevcut
Geri Çekilme Durumu Kayıp Durumu Sınıflandırma Kaynağı Kredi için değil Kalıcı Konum Mevcut Konum Kayıt Tarih Toplam Ödünçverme Yer Numarası Demirbaş Numarası Son Görülme Tarihi Fatura Tarihi Materyal Türü
    Dewey Decimal Classification   Prof. Dr. Ruşen Keleş Kütüphanesi Prof. Dr. Ruşen Keleş Kütüphanesi 20/04/2026   808.831 DUN 2005 RK7193 20/04/2026 20/04/2026 Kitap